| 000 | 00418cam a2200181ua 4500 | ||
|---|---|---|---|
| 001 | 7183 | ||
| 008 | 141203n ii |||gr||||Z||||||asm | ||
| 040 | _cMAIN | ||
| 041 | _aasm | ||
| 082 | _a338 | ||
| 100 |
_aBora, A., _eAuthor. |
||
| 245 |
_aAdhunik arthabigyan parichya _cBy Arindam Bora |
||
| 250 | _a1st. | ||
| 260 |
_aGolaghat: _bSaraswati, _c2012. |
||
| 300 | _a456p. | ||
| 653 | _aMicro economics | ||
| 942 | _cBK | ||
| 999 |
_c6309 _d6309 |
||